000
00306nam a2200109Ia 4500
008
171211s9999 xx 000 0 und d
245
_a
Spektrum Kompakt - Das Konnektom
245
_c
Spektrum der Wissenschaft
260
_c
2017
650
_x
Biology
856
_u
http://down.ebook777.com/064/B06XFPKKGP.pdf
999
_c
350356
_d
350356